HBR'S 10 Must Reads : (Record no. 79959)

MARC details
000 -LEADER
fixed length control field 00915nam a22002777a 4500
003 - CONTROL NUMBER IDENTIFIER
control field URS
005 - DATE AND TIME OF LATEST TRANSACTION
control field 20240716192552.0
008 - FIXED-LENGTH DATA ELEMENTS--GENERAL INFORMATION
fixed length control field 240606t2019 usa||||| |||| 00| 0 eng d
020 ## - INTERNATIONAL STANDARD BOOK NUMBER
International Standard Book Number 9781633697195
040 ## - CATALOGING SOURCE
Original cataloging agency DLC
Language of cataloging eng
Transcribing agency DLC
Modifying agency DLC
-- URS
Description conventions rda
082 ## - DEWEY DECIMAL CLASSIFICATION NUMBER
Classification number 658
Item number H2611 2019
100 ## - MAIN ENTRY--PERSONAL NAME
Personal name Williams, Joan C.
245 ## - TITLE STATEMENT
Title HBR'S 10 Must Reads :
Remainder of title The definitive management ideas of trhe year from Harvard Business Review./
Statement of responsibility, etc. Joan C. Williams, Suzanne Lebsock
264 ## - PRODUCTION, PUBLICATION, DISTRIBUTION, MANUFACTURE, AND COPYRIGHT NOTICE
Place of production, publication, distribution, manufacture Boston, Massachusetts :
Name of producer, publisher, distributor, manufacturer Harvard Business Review Press,
Date of production, publication, distribution, manufacture, or copyright notice [2019]
300 ## - PHYSICAL DESCRIPTION
Extent xii, 282 pages;
Dimensions 20 cm.
336 ## - CONTENT TYPE
Source rdacontent
Content type term text
Content type code txt
337 ## - MEDIA TYPE
Source rdamedia
Media type term unmediated
Media type code n
338 ## - CARRIER TYPE
Source rdacarrier
Carrier type term volume
Carrier type code nc
504 ## - BIBLIOGRAPHY, ETC. NOTE
Bibliography, etc. note Includes index.
650 ## - SUBJECT ADDED ENTRY--TOPICAL TERM
Topical term or geographic name entry element Management
650 ## - SUBJECT ADDED ENTRY--TOPICAL TERM
Topical term or geographic name entry element Business leadership
650 ## - SUBJECT ADDED ENTRY--TOPICAL TERM
Topical term or geographic name entry element Strategic management
650 ## - SUBJECT ADDED ENTRY--TOPICAL TERM
Topical term or geographic name entry element Organizational effectiveness
700 ## - ADDED ENTRY--PERSONAL NAME
Personal name Lebsock, Suzanne
942 ## - ADDED ENTRY ELEMENTS (KOHA)
Source of classification or shelving scheme Dewey Decimal Classification
Koha item type Foreign Books
Holdings
Withdrawn status Source of classification or shelving scheme Damaged status Not for loan Home library Current library Shelving location Date acquired Total Checkouts Full call number Barcode Date last seen Copy number Price effective from Koha item type
  Dewey Decimal Classification     Pililla College Library Pililla College Library Foreign Section 06/06/2024   658 H2611 2019 URSPIL-7186 06/06/2024 1 06/06/2024 Foreign Books
  Dewey Decimal Classification     Pililla College Library Pililla College Library Foreign Section 06/06/2024   658 H2611 2019 URSPIL-7187 06/06/2024 2 06/06/2024 Foreign Books

University of Rizal System
Email us at univlibservices@urs.edu.ph

Visit our Website www.urs.edu.ph/library